The principles on which costs are awarded in rent review arbitrations and in disputes as to rent under the Landlord and Tenant Act 1954 part II (Record no. 97961)

MARC details
000 -LEADER
fixed length control field 00560cam a2200193 4500
001 - CONTROL NUMBER
control field D7214
008 - FIXED-LENGTH DATA ELEMENTS--GENERAL INFORMATION
fixed length control field 090401t1985 xxu||||| |||| 00| 0 eng d
035 ## - SYSTEM CONTROL NUMBER
System control number (Sirsi) u94269
041 ## - LANGUAGE CODE
Language code of text/sound track or separate title eng
050 ## - LIBRARY OF CONGRESS CALL NUMBER
Classification number 346.4104344
100 ## - MAIN ENTRY--PERSONAL NAME
Personal name Morgan, Paul
245 #4 - TITLE STATEMENT
Title The principles on which costs are awarded in rent review arbitrations and in disputes as to rent under the Landlord and Tenant Act 1954 part II
260 ## - PUBLICATION, DISTRIBUTION, ETC.
Date of publication, distribution, etc. 1985
350 ## - PRICE (NR) (BK AM CF MU VM SE) [OBSOLETE]
Price 0
520 ## - SUMMARY, ETC.
Summary, etc. In Blundell memorial lectures 1985
700 ## - ADDED ENTRY--PERSONAL NAME
Personal name Plumbe, Graham
942 ## - ADDED ENTRY ELEMENTS (KOHA)
Suppress in OPAC 0
948 ## - LOCAL PROCESSING INFORMATION (OCLC); SERIES PART DESIGNATOR (RLIN)
c (OCLC) 04/03/1997
Holdings
Withdrawn status Lost status Source of classification or shelving scheme Damaged status Not for loan Home library Current library Shelving location Date acquired Total Checkouts Full call number Barcode Date last seen Copy number Price effective from Koha item type
    Other/Generic Classification Scheme     London London Basement 16/06/2000   IN BLUNDELL MEMORIAL LECTURES 1985 94269-1001 06/08/2019 1 06/08/2019 Reference material